|
|
|
|
| LEADER |
01208nam a2200301 a 4500 |
| 001 |
3739 |
| 003 |
BD-DhAAL |
| 005 |
20150418122527.0 |
| 008 |
150418s1996 nyu df 001 0 eng |
| 010 |
|
|
|a 95038571
|
| 020 |
|
|
|a 0442021593 (hardcover)
|
| 040 |
|
|
|a DLC
|c DLC
|d DLC
|d BD-DhAAL
|
| 050 |
0 |
0 |
|a GE123
|b .C64 1996
|
| 082 |
0 |
0 |
|a 363.7
|2 20
|
| 100 |
1 |
|
|a Cooper, André R.
|9 10526
|
| 245 |
1 |
0 |
|a Cooper's comprehensive environmental desk reference /
|c compiled and edited by André R. Cooper, Sr.
|
| 246 |
3 |
0 |
|a Comprehensive environmental desk reference
|
| 260 |
|
|
|a New York :
|b Van Nostrand Reinhold,
|c c1996.
|
| 300 |
|
|
|a ix, 1039 p. ;
|c 26 cm. +
|e 1 computer disk (3 1/2 in.)
|
| 500 |
|
|
|a Includes index.
|
| 541 |
|
|
|e 3739
|
| 650 |
|
0 |
|a Environmental sciences
|x Handbooks, manuals, etc.
|9 10527
|
| 650 |
|
0 |
|a Environmental sciences
|x Dictionaries.
|9 10528
|
| 650 |
|
0 |
|a Environmental protection
|x Handbooks, manuals, etc.
|9 10529
|
| 650 |
|
0 |
|a Environmental protection
|x Dictionaries.
|9 10530
|
| 942 |
|
|
|2 ddc
|c BK
|
| 999 |
|
|
|c 34267
|d 34267
|
| 952 |
|
|
|0 0
|1 0
|2 ddc
|4 0
|6 363_700000000000000_COO
|7 0
|9 53497
|a SCL
|b SCL
|c GEN
|d 2015-04-18
|e Gift: The Asia Foundation
|l 0
|o 363.7 COO
|p 3020003739
|r 2015-04-18
|t 1
|w 2015-04-18
|y BK
|